000 01091nam a22003497a 4500
001 BR8306532
003 BR-BrBNA
005 20230928091831.0
007 ta
008 230509b bl.||||| |||| 00| 0 por d
040 _aBR-BrBNA
_bpor
_cBiblioteca Nacional de Agricultura
041 _a(Por)
072 _aF30; F01
_b0930
_b/G514
090 _ 0930 BR8306532
100 1 _aOtaki, Y.
100 1 _aLessa, A.O.
100 1 _aArruda, A.E.
110 1 _aAssociacao de Credito e Assistencia Rural de Santa Catarina, Florianopolis (Brasil). Coordenacao Estadual de Horticultura
_9441
245 1 _aFigo; orientacao para produzir bem [Brasil]
260 3 _aFlorianopolis, SC (Brasil):
_c1983.
300 _a27 p.
500 _a(*) Documento disponível no(a) Associacao de Credito e Assistencia Rural de Santa Catarina, Florianopolis (Brazil)
650 _aVARIEDADE
650 _aPLANTIO
650 _aADUBACAO
650 _aPRAGA DE PLANTA
650 _aDOENCA DE PLANTA
650 _aCOLHEITA
650 _aFIGO
909 _a202309
_bLucia
_c55
_dLucia Elande
942 _cBK
999 _c35776
_d35776